000 00500nam a2200169Ia 4500
003 GCL
008 140319s9999 xx 000 0 ara d
040 _aGCL /
_cGCL
082 0 4 _aم
_b922.1
_bم ح
100 1 _aمحمود شلبى
245 1 0 _aحياة ابى هريرة /
_cمحمود شلبى
260 _a[S.N] :
_bدار الجيل ،
_c1991
300 _a262 ص
650 0 4 _aالاسلام
650 0 4 _aابوهريرة ،عبدالرحمن بن صخر الدوسى
942 _2ddc
_cREF
999 _c59228
_d59228